Ministres du gouvernement Bayrou - Statistiques

Statistiques générales
  • Ce quiz a été pris 401 fois
    396 depuis la dernière actualisation
  • Le résultat moyen est 10 sur 14
Statistiques - réponses
Hint Réponse % Correct
Bruno Retailleau
Intérieur
94%
Rachida Dati
Culture
93%
Elisabeth Borne
Education nationale
90%
Gérald Darmanin
Justice
86%
Manuel Valls
Outre-mer
81%
Sébastien Lecornu
Armées
79%
Jean-Noël Barrot
Affaires étrangères
73%
Eric Lombard
Economie et finances
70%
Catherine Vautrin
Travail et santé
66%
Marie Barsacq
Sports et jeunesse
61%
Agnès Pannier-Runacher
Transition écologique
61%
Annie Genevard
Agriculture
59%
Laurent Marcangeli
Fonction publique
55%
François Rebsamen
Aménagement du territoire
49%
Aucun quiz correspondant
Distribution des résultats
% des personnes avec chaque résultat
Percentile par nombre de réponses
Votre historique - résultats
Vous n’avez pas pris ce quiz depuis la dernière actualisation